Domesticated Animals - Statistics

General Stats
  • This quiz has been taken 364 times
  • The average score is 21 of 41
Answer Stats
Wild Ancestor Location Date Answer % Correct
Gray Wolf Unknown 13,000 BCE Dog
100%
Wild Boar East Asia/West Asia 9,000 BCE Pig
97%
Wild - Near East 8,000 BCE House Cat
95%
Indian Aurochs Indian Subcontinent 8,000 BCE Zebu/ Indicine Cow
94%
Eurasian Aurochs East Asia/West Asia 8,500 BCE Taurine Cow
93%
Red Junglefowl India/SE Asia 6,000 BCE Chicken
92%
Mouflon Anatolia/Iran 11,000 BCE Sheep
91%
Bezoar Ibex Iran 8,000 BCE Goat
90%
African Wild Ass Nubia 5,000 BCE Donkey
89%
Tarpan or - Eurasian Steppe 4,000 BCE Horse
88%
Common Mallard China 5,000 BCE Duck
86%
Rock Dove Mediterranean 3,000 BCE Pigeon
76%
Guanaco Andes 2,400 BCE Llama (and Chilihueque*?)
74%
Greylag - and Swan - Egypt/China 3,000 BCE Goose
69%
Red - Russia ~1960 CE Fox
67%
Vicuna Andes 2,400 BCE Alpaca
64%
Prussian Carp China 300 CE Goldfish
59%
Montane - - Peru 5,000 BCE Guinea Pig
58%
Wild - - India/China/Philippines 4,000 BCE Water Buffalo
54%
Extinct sister species to the Wild - - Central Asia 2,500 BCE Bactrian Camel
53%
-- Arabia/ East Africa 4,000 BCE Dromedary Camel
53%
House - China 1,100 BCE Fancy Mouse/Laboratory Mouse
53%
Brown - United Kingdom 1800 CE Fancy Rat/ Laboratory Rat
52%
Amur Carp Japan 1100 CE Koi
46%
European - Europe 600 CE Rabbit
45%
Wild - Mexico 180 CE Turkey
45%
Polecat North Africa/Iberia 1,500 BCE Ferret
40%
Wild - Tibet 2,500 BCE Yak
39%
African Collard - North Africa 500 BCE Barbary Dove
37%
Wild - Canary Islands 1400 CE Canary
31%
West African Helmeted - West Africa 2,400 BCE Guineafowl
25%
European - - Europe 4,000 BCE Honeybee
19%
Wild - Japan 1100 CE Japanese Quail
11%
Wild - Upstate New York ~1860 CE Mink
11%
White Rumped Munia Japan 1700 CE Society Finch
10%
Banteng Bali 3,500 BCE Bali Cattle
4%
Guar India/SE Asia 5,000 BCE Gayal/Mithun
4%
Wild - - India Unknown Eri Silkmoth
3%
Wild - China 3,000 BCE Silkmoth
3%
Either Duiscyon avis or Culepo Fox Patagonia Unknown Fuegian Dog*
1%
Wild - - South America 700 BCE Muscovy Duck
1%
No matching quizzes found
Score Distribution
Percent of People with Each Score
Percentile by Number Answered
Your Score History
You have not taken this quiz